Lifelong Learning [Journal of Lifelong Learning]
Gespeichert in:
| Körperschaft: | |
|---|---|
| Format: | Schriftenreihe |
| Sprache: | Englisch |
| Veröffentlicht: |
Brno
Institute of Lifelong Learning
|
| Tags: |
Keine Tags, Fügen Sie das erste Tag hinzu!
|
MARC
| LEADER | 00000nas1a2200000 4500 | ||
|---|---|---|---|
| 001 | 0277247 | ||
| 005 | 20210714104320.5 | ||
| 022 | |a 1805-8868 | ||
| 022 | |a 1804-526X | ||
| 041 | 0 | |a eng | |
| 044 | |a CZ | ||
| 245 | 1 | 0 | |a Lifelong Learning |b [Journal of Lifelong Learning] |
| 264 | 1 | |a Brno |b Institute of Lifelong Learning | |
| 710 | 2 | |a Mendelova univerzita v Brně | |